[Event "Oberliga Nord O9697"]
[Site "Germany"]
[Date "1997.??.??"]
[Round "?"]
[White "Seils, Joerg"]
[Black "Maksimenko, Andrei"]
[Result "1/2-1/2"]
[WhiteElo "2375"]
[BlackElo "2545"]

1.e4 c5 2.Nf3 d6 3.Bb5+ Bd7 4.Bxd7+ Qxd7 5.O-O Nf6 6.Re1 Nc6 7.c3 e6 8.d4 cxd4
9.cxd4 d5 10.e5 Ne4 11.Nbd2 Nxd2 12.Bxd2 Be7 13.Rc1 O-O 14.Bg5 Rfc8 15.Bxe7 Qxe7
16.Re2 Rc7 17.Rec2 Rac8 18.Qd2 Nd8 19.Rxc7 Rxc7 20.Rc3 Rxc3 21.Qxc3 Nc6 22.a3 f6
23.exf6 gxf6 24.Kf1 Kf7 25.b4 a6 26.Qd3 Ke8 27.h4 Qg7 28.b5 axb5 29.Qxb5 Kd8
30.Ke2 Kc7 31.Qd3 h5 32.Kf1 Qg4 33.Qh7+ Kb6 34.Qb1+ Ka7 35.Qd3 Kb8 36.g3 Kc8
37.Kg2 Kb8 38.Kf1 Kc7 39.Kg2 Kd6 40.Qc3 Qe4 41.Qc5+ Kd7 42.Qb6 Kc8 43.Qc5 Kc7
44.Qf8 Qg6 45.Qc5 Qg4 46.Qf8 Qf5 47.Qf7+ Kc8 48.Qe8+ Kc7 49.Qf7+ Kb6 50.Qf8 Qg6
51.Qc5+ Kc7 52.Qf8 b6 53.Qh8 Nb8 54.Qf8 Nd7 55.Qe7 Qe4 56.Qf8 Qf5 57.Qe7 Kc6
58.a4 Qe4 59.Qe8 Qg4 60.Qa8+ Kd6 61.a5 bxa5 62.Qxa5 Qe4 63.Qb4+ Kc7 64.Qa5+ Kc8
65.Qa8+ Kc7 66.Qa5+  1/2-1/2

[Event "BL9798 (Women)"]
[Site "Germany"]
[Date "1997.??.??"]
[Round "?.1"]
[White "Richtrova, Eliska"]
[Black "Meissner, Claudia"]
[Result "1/2-1/2"]
[WhiteElo "2285"]
[BlackElo "2130"]

1.e4 c5 2.Nf3 d6 3.Bb5+ Bd7 4.Bxd7+ Qxd7 5.d4 cxd4 6.Nxd4 Nf6 7.Nc3 Nc6 8.O-O e6
9.b3 Rc8 10.Bb2 Be7 11.Re1 O-O 12.h3 Rfd8 13.Nf3 Ne5 14.Re3 b5 15.a3 Qb7
16.Qe2 a6 17.Rd1 Ng6 18.g3 Nd7 19.Nd4 Bf6 20.f4 Qb6 21.Qd2 Ne7 22.Kh2 g6
23.Nf3 Bg7 24.Ba1 Nc5 25.Nd4 Nb7 26.Nce2 e5 27.Nf3 Rxc2 28.Qxc2 Qxe3 29.Kg2 Rc8
30.Qd3 Qxd3 31.Rxd3 Rc2 32.Kf1 exf4 33.Bxg7 Kxg7 34.gxf4 Nc8 35.b4 Nb6  1/2-1/2

[Event "BL2-O9697"]
[Site "Germany"]
[Date "1997.??.??"]
[Round "?.2"]
[White "Mischustov, Michael"]
[Black "Roeber, Bjoern"]
[Result "1-0"]
[WhiteElo "2390"]
[BlackElo "2245"]

1.e4 c5 2.Nf3 d6 3.Bb5+ Nd7 4.O-O Nf6 5.Re1 a6 6.Bf1 e6 7.c3 b5 8.d4 cxd4
9.cxd4 Bb7 10.Bd3 Be7 11.h3 Nb6 12.Qe2 Rc8 13.Bf4 O-O 14.Nbd2 Na4 15.Nf1 Nd7
16.Ng3 Re8 17.Qd2 Bf8 18.Bg5 Qc7 19.Ne2 e5 20.Rac1 Qb8 21.b3 Nab6 22.Ng3 Rxc1
23.Rxc1 d5 24.dxe5 dxe4 25.Bxe4 Bxe4 26.Nxe4 Nxe5 27.Nd4 Qa8 28.Ng3 g6 29.Bh6 Bxh6
30.Qxh6 Qb7 31.Ndf5 gxf5 32.Nh5 f6 33.Nxf6+ Kh8 34.Nxe8  1-0

[Event "BL2-O9697"]
[Site "Germany"]
[Date "1997.??.??"]
[Round "?.1"]
[White "Mischustov, Michael"]
[Black "Womacka, Mathias"]
[Result "1/2-1/2"]
[WhiteElo "2390"]
[BlackElo "2470"]

1.e4 c5 2.Nf3 d6 3.Bb5+ Nd7 4.O-O a6 5.Bxd7+ Bxd7 6.d4 cxd4 7.Qxd4 e5 8.Qd3 h6
9.c4 Nf6 10.Nc3 Be7 11.Rd1 O-O 12.a4 Qc7 13.b3 Rfd8 14.Ba3 Be8 15.Rac1 b6
16.Ne1 Qb7 17.Nc2 b5 18.axb5 axb5 19.Nd5 Nxd5 20.cxd5 Rdc8 21.Bb4 g6  1/2-1/2

[Event "BL2-N9697"]
[Site "Germany"]
[Date "1997.??.??"]
[Round "?.7"]
[White "Lindemann, Sven"]
[Black "Kimpinsky, Frank"]
[Result "1/2-1/2"]
[WhiteElo "2245"]
[BlackElo "2270"]

1.e4 c5 2.Nf3 d6 3.Bb5+ Nc6 4.O-O Bd7 5.c3 a6 6.Bxc6 Bxc6 7.Re1 c4 8.b3 cxb3
9.axb3 Nf6 10.e5 dxe5 11.Nxe5 Qd5 12.Nxc6 Qxc6 13.d4 b5 14.Qe2 e6 15.c4 Bb4
16.d5 Qd6 17.Bd2 O-O 18.dxe6 Rfe8 19.Qe5 bxc4 20.Qxd6 Bxd6 21.exf7+ Kxf7
22.Rxe8 Kxe8 23.bxc4 Ne4 24.Be3 a5 25.f3 Nc5 26.Nc3 a4 27.Nb5 Be5 28.Ra3 Ne6
29.Bc1 Kd7 30.Rd3+ Ke7 31.g3 g5 32.Ba3+ Kf6 33.Re3 Rd8 34.Be7+ Kxe7 35.Rxe5 Kf6
36.Re2 Rd1+ 37.Kg2 Nd4 38.Ra2 Nxb5 39.cxb5 Rb1 40.Rxa4 Rxb5 41.Ra6+ Kg7 42.g4 Rc5
43.Kg3 Rc3 44.Ra5 h6 45.Rb5 Rc7 46.h4 Kg6 47.h5+ Kh7 48.Re5 Ra7 49.Kf2 Ra3
50.Ke2 Kg7 51.Rd5 Rb3 52.Rd7+ Kh8 53.Rd3 Rb4 54.Ke3 Rf4 55.Rd5 Rf7 56.Rf5 Re7+
57.Kd4 Kg7 58.Re5 Rf7 59.Re3 Rd7+ 60.Kc5 Kf6 61.Re8 Rd3 62.Kc4 Kf7 63.Kxd3 Kxe8
64.Kd4 Kf8 65.Ke4 Ke8 66.Kd4 Kf8 67.Ke4 Ke8  1/2-1/2

[Event "BL2-S9798"]
[Site "Germany"]
[Date "1997.??.??"]
[Round "?.5"]
[White "Gerigk, Erasmus"]
[Black "Mandel, Andreas"]
[Result "1/2-1/2"]
[WhiteElo "2275"]
[BlackElo "2340"]

1.e4 c5 2.Nf3 d6 3.Bb5+ Bd7 4.Bxd7+ Qxd7 5.O-O Nc6 6.c3 Nf6 7.d4 cxd4 8.cxd4 d5
9.e5 Ng8 10.a3 e6 11.b4 Nge7 12.Nbd2 Nc8 13.Nb3 b5 14.Ne1 Nb6 15.Nd3 Nc4
16.Qg4 h5 17.Qg3 Ne7 18.Qh3 Nc6 19.Rd1 Be7 20.Qg3 g6 21.Bg5 Bxg5 22.Qxg5 Qe7
23.Qg3 a5 24.bxa5 N4xa5 25.Nxa5 Nxa5 26.Rdb1 Nc6 27.Qe3 O-O 28.Nf4 Ra4 29.Rd1 Rfa8
30.Rd3 Qg5 31.Nxd5 Qxe3 32.Nxe3 Nxd4 33.Rad1 Nc6 34.Rb3 Nxe5 35.Rxb5 Ng4
36.Nxg4 hxg4 37.Rb4  1/2-1/2

[Event "Bundesliga 9798"]
[Site "Germany"]
[Date "1997.??.??"]
[Round "?.8"]
[White "Meyer, Claus Dieter"]
[Black "Gruenenwald, Joerg"]
[Result "1/2-1/2"]
[WhiteElo "2335"]
[BlackElo "2330"]

1.e4 c5 2.Nf3 d6 3.Bb5+ Bd7 4.Bxd7+ Nxd7 5.c4 Ngf6 6.Nc3 Ne5 7.O-O e6 8.d3 Be7
9.b3 O-O 10.Bb2 Nfd7 11.Ne1 Nc6 12.Ne2 Bf6  1/2-1/2

[Event "Oberliga Nord O9697"]
[Site "Germany"]
[Date "1997.??.??"]
[Round "?"]
[White "Fuchs, Reinhart"]
[Black "Postler, Reinhard"]
[Result "1/2-1/2"]
[WhiteElo "2430"]
[BlackElo "2330"]

1.e4 c5 2.Nf3 d6 3.Bb5+ Bd7 4.Bxd7+ Qxd7 5.c4 Nc6 6.O-O Nf6 7.Nc3 e6 8.d4 cxd4
9.Nxd4 Be7 10.b3 O-O 11.Re1 Nxd4 12.Qxd4  1/2-1/2

[Event "BL2-N9697"]
[Site "Germany"]
[Date "1997.??.??"]
[Round "?.4"]
[White "Cladouras, Panagiotis"]
[Black "Geisler, Robert"]
[Result "1/2-1/2"]
[WhiteElo "2390"]
[BlackElo "2240"]

1.e4 c5 2.Nf3 d6 3.Bb5+ Nd7 4.c3 Nf6 5.Qe2 a6 6.Ba4 b5 7.Bc2 e5 8.O-O Be7
9.d4 O-O 10.dxe5 dxe5 11.a4 Bb7 12.Rd1 Qc7 13.b3 Bc6 14.Bg5 Rfe8 15.Nbd2 h6
16.Bh4 Bf8 17.Bxf6 Nxf6 18.axb5 axb5 19.Nf1 Qb7 20.N3d2 Rxa1 21.Rxa1 Ra8
22.Rxa8 Qxa8 23.Bd3 Qb7 24.Ne3 g6 25.c4 b4 26.Nd5 Nd7 27.g3 Qa8 28.Qd1 Qa2
29.Bf1 Kg7 30.Nf3 Qb2 31.Qd3 Nf6 32.Bh3 h5 33.Nd2 Qd4 34.Qe2 Ng4 35.Bxg4 hxg4
36.Nf1 f5 37.exf5 gxf5 38.h3 gxh3 39.Qh5 Bxd5 40.cxd5 Qxd5 41.Qxh3 Qd3 42.Qh5 c4
43.Qg5+ Kh8 44.Qh5+ Kg8 45.Qg6+ Bg7 46.Qe8+ Kh7 47.Qh5+ Kg8 48.Qe8+ Kh7 49.Qh5+  1/2-1/2

[Event "Bundesliga 9798"]
[Site "Germany"]
[Date "1997.??.??"]
[Round "?.3"]
[White "Kraut, Rainer"]
[Black "Kuczynski, Robert"]
[Result "1/2-1/2"]
[WhiteElo "2470"]
[BlackElo "2495"]

1.e4 c5 2.Nf3 d6 3.Bb5+ Bd7 4.Bxd7+ Qxd7 5.c4 Nc6 6.Nc3 g6 7.d4 cxd4 8.Nxd4 Bg7
9.Be3 Nf6 10.f3 O-O 11.O-O a6 12.Rc1 Rab8 13.Qd2 Rfc8 14.b3 Nxd4 15.Bxd4 b5
16.Nd5 bxc4 17.Nb6 Nxe4 18.fxe4 Bxd4+ 19.Qxd4 Qa7 20.Rxf7 Kxf7 21.Qf2+ Ke6
22.Nxc8 Qxf2+ 23.Kxf2 Rxc8 24.Rxc4 Rxc4 25.bxc4 Kd7 26.Ke3 Kc6 27.Kd4 e5+
28.Kc3 Kc5 29.a3 a5  1/2-1/2

[Event "Oberliga Nord N9697"]
[Site "Germany"]
[Date "1997.??.??"]
[Round "?"]
[White "Stelting, Thorsten"]
[Black "Christ, Ralf"]
[Result "1/2-1/2"]
[WhiteElo "2290"]
[BlackElo "2250"]

1.e4 c5 2.Nf3 d6 3.Bb5+ Nd7 4.O-O Nf6 5.Re1 a6 6.Bf1 e6 7.c3 Be7 8.d4 O-O
9.e5 Nd5 10.c4 Nb4 11.a3 Nc6 12.exd6 Bxd6 13.dxc5 Bxc5 14.b4 Be7 15.Bb2 Bf6
16.Nc3 Nde5 17.Nxe5 Nxe5 18.Qe2 Ng6 19.g3 Bd7 20.Rad1 Qc7 21.h4 h6 22.h5 Ne7
23.b5 axb5 24.Nxb5 Bxb5 25.Bxf6 gxf6 26.cxb5 Rxa3 27.Qg4+ Kh7 28.Qb4 Rc3
29.b6 Qc5 30.Qxc5 Rxc5 31.Rd7 Nc8 32.Rxb7 Rc6 33.Rb1 Kg7 34.Bg2 Rc5 35.Rd7 Nxb6
36.Rxb6 Kg8 37.Bf3 f5 38.Rbb7 Kg7 39.Rdc7 Rxc7 40.Rxc7 Rd8 41.Kg2 Kf6 42.Bc6 Rb8
43.Rb7 Rc8 44.Bd7 Rd8 45.Kf3 Kg5 46.Bb5 Kf6 47.Ke3 Ra8 48.f4 Rd8 49.Bc6 Rg8
50.Kf2 Rc8 51.Ba4 Ra8 52.Bb3 Rd8 53.Bc4 Re8 54.Rb3 Rc8 55.Bd3 Rg8 56.Be2 Ra8
57.Bf3 Rg8 58.Ra3 Rb8 59.Ke2 Rb6 60.Ke3 Rb8 61.Kd4 Rc8 62.Rc3 Rd8+ 63.Kc5 Rd2
64.Kc6 Ke7 65.Kb6 Rb2+ 66.Kc7 Rd2 67.Bc6 Rh2 68.Bf3 Rd2 69.Kc8 Rd8+ 70.Kb7 Rd2
71.Rc7+ Kf8 72.Rc8+ Kg7 73.Rc3 Kf8 74.Kc8 Ke8 75.Rc7 Kf8 76.Rc3 Ke7 77.Bc6 Rh2
78.Rc1 Rxh5 79.Rh1 Rxh1 80.Bxh1 h5 81.Kc7 f6 82.Bf3 h4 83.g4 fxg4 84.Bxg4 f5
85.Bh3 e5 86.Bxf5 exf4 87.Bg4 Kf6 88.Kd6 Kg6 89.Bf3 Kf5 90.Kd5 h3 91.Kd4 h2
92.Bd5  1/2-1/2

[Event "Oberliga Nord N9697"]
[Site "Germany"]
[Date "1997.??.??"]
[Round "?"]
[White "Reyer, Ulli"]
[Black "Wendt, Jan Dietrich"]
[Result "1/2-1/2"]
[WhiteElo "2015"]
[BlackElo "2280"]

1.e4 c5 2.Nf3 d6 3.Bb5+ Bd7 4.Bxd7+ Qxd7 5.O-O Nc6 6.c4 Nf6 7.Nc3 g6 8.d4 cxd4
9.Nxd4 Bg7 10.Nc2 O-O 11.b3 Rfc8 12.Re1 Qd8 13.Bb2 Nd7 14.Na4 Qa5 15.Bxg7 Kxg7
16.Nd4 Qe5 17.Nf3 Qf6 18.Rc1 Nde5 19.Nxe5 dxe5 20.Qd7 Rab8 21.Rcd1 Nd4 22.Nc3 Rd8
23.Qc7 Qg5 24.h4 Nf3+ 25.Kf1 Nd2+ 26.Kg1 Nf3+  1/2-1/2

[Event "Landesliga Sued 9697 Bayern"]
[Site "Germany"]
[Date "1997.??.??"]
[Round "?"]
[White "Velicka, Petr"]
[Black "Schmidt, Wolfgang"]
[Result "0-1"]
[WhiteElo "2390"]
[BlackElo "2310"]

1.e4 c5 2.Nf3 d6 3.Bb5+ Bd7 4.Bxd7+ Qxd7 5.c4 Nc6 6.Nc3 Nf6 7.O-O g6 8.d4 cxd4
9.Nxd4 Bg7 10.Nde2 O-O 11.f3 a6 12.a4 e6 13.Bg5 Qc7 14.Rb1 Qa5 15.Be3 Rfd8
16.Qb3 Nd7 17.Qc2 Nde5 18.b3 Rac8 19.Rfd1 Nb4 20.Qd2 Qc7 21.Nb5 Qa5 22.Nxd6 Bf8
23.Nxc8 Rxd2 24.Rxd2 Bc5 25.Nd4 Qc7 26.Rbd1 Qxc8 27.Kf1 Kg7 28.h3 b6 29.Bg5 h6
30.Bh4 Nec6 31.Ne2 e5 32.Bg3 Bd4 33.Nxd4 exd4 34.Bf2 Qc7 35.Bxd4+ Nxd4 36.Rxd4 Nc2
37.R4d3 Qc5 38.Ke2 h5 39.R1d2 Nb4 40.Re3 h4 41.f4 Kh6 42.g4 hxg3 43.Rxg3 Nc6
44.Rd7 Nd4+ 45.Kf1 Qa3 46.Rxf7 Qc1+ 47.Kg2 Qc2+ 48.Kh1 Qxe4+ 49.Rg2 Nf3  0-1

[Event "Landesliga Sued 9697 Bayern"]
[Site "Germany"]
[Date "1997.??.??"]
[Round "?"]
[White "Herb, Stefan"]
[Black "Hartmann, Wolfram"]
[Result "0-1"]
[WhiteElo "2120"]
[BlackElo "2155"]

1.Nf3 c5 2.e4 d6 3.Bb5+ Nd7 4.O-O Nf6 5.Re1 a6 6.Bf1 e5 7.a4 b6 8.d3 Be7
9.Na3 O-O 10.Nc4 Bb7 11.Ne3 Re8 12.Nf5 Bf8 13.c4 g6 14.Nh6+ Kg7 15.Ng5 Re7
16.Qf3 Qe8 17.Qh3 Kh8 18.Ng4 Nh5 19.Qh4 f6 20.Nf3 f5 21.exf5 gxf5 22.Ne3 Bxf3
23.gxf3 Rg7+ 24.Kh1 Qg6 25.Bg2 Nf4 26.Rg1 Be7 27.Qg3 Qh5 28.Qxg7+ Kxg7 29.Nxf5+ Kf7
30.Ng3 Qg6 31.Bxf4 exf4 32.Ne4 Qh5 33.Bf1 Ne5 34.Be2 Nxf3 35.Rg2 Rg8 36.Ng3 Qg4
37.d4 Bf6 38.Ra3 fxg3 39.Bxf3 gxf2 40.Bd5+ Kf8 41.Ra1 Qxg2+ 42.Bxg2 Bxd4
43.Ra3 f1=Q+  0-1

[Event "Landesliga Nord 9697 Bayern"]
[Site "Germany"]
[Date "1997.??.??"]
[Round "?"]
[White "Kestler, Hans Guenther"]
[Black "Delitzsch, Juergen"]
[Result "1/2-1/2"]
[WhiteElo "2330"]
[BlackElo "2225"]

1.e4 c5 2.Nf3 d6 3.Bb5+ Bd7 4.Bxd7+ Qxd7 5.O-O Nc6 6.c3 Nf6 7.d4 cxd4 8.cxd4 d5
9.e5 Ne4 10.Ne1 f6 11.f3 Ng5 12.Nc2 e6 13.Nc3 Nf7 14.f4 f5 15.Be3  1/2-1/2

[Event "Oberliga Nord O9798"]
[Site "Germany"]
[Date "1997.??.??"]
[Round "?"]
[White "Urban, Hans Rainer"]
[Black "Melkumjanc, Nikolaj"]
[Result "0-1"]
[WhiteElo "2155"]
[BlackElo "2270"]

1.e4 c5 2.Nf3 d6 3.Bb5+ Nd7 4.c3 a6 5.Ba4 b5 6.Bc2 Bb7 7.d3 g6 8.a4 Bg7 9.Nbd2 Ngf6
10.O-O O-O 11.Re1 e5 12.Nf1 h6 13.Bd2 Kh7 14.Qb1 Nh5 15.Ng3 Nf4 16.b3 Qf6
17.Be3 Rfc8 18.axb5 axb5 19.Rxa8 Rxa8 20.Qb2 d5 21.Ra1 d4 22.cxd4 exd4 23.Rxa8 Bxa8
24.Bxf4 Qxf4 25.Ne2 Qc7 26.Qa2 Bb7 27.b4 cxb4 28.Bb3 Nc5 29.Bxf7 b3 30.Bxb3 Nxd3
31.Bg8+ Kh8 32.Nh4 Nf4 33.Kf1 d3  0-1

[Event "Oberliga Ost B9798"]
[Site "Germany"]
[Date "1997.??.??"]
[Round "?.7"]
[White "Zimmermann, Frank"]
[Black "Jaeger, Ganja"]
[Result "1/2-1/2"]
[WhiteElo "2280"]
[BlackElo "2195"]

1.e4 c5 2.Nf3 d6 3.Bb5+ Nd7 4.O-O Nf6 5.Re1 a6 6.Bxd7+ Nxd7 7.d4 cxd4 8.Qxd4 e6
9.Bg5 Qc7 10.Nc3 Ne5 11.Rad1 Bd7 12.Bh4 Rc8 13.Bg3 f6 14.Nd2 Be7 15.Kh1 O-O
16.f4 Nc6 17.Qf2 b5 18.a3 f5 19.Bh4 fxe4 20.Ndxe4 d5 21.Bxe7 Nxe7 22.Ng5 Rxf4
23.Qe2 Rf6 24.Rf1 Rcf8 25.Rxf6 Rxf6 26.Qh5 h6 27.Nf3 Nc6 28.Ne2 Rf5 29.Qh4 Be8
30.Qf2 Bh5 31.Qe3 Qf7 32.Neg1 Bxf3 33.Nxf3 Kh7 34.Qd3 g6 35.h3 Ne5 36.Nxe5 Rxe5
37.Rf1 Rf5 38.Rd1 Rf2 39.b3 Qf5 40.Qe3 Rf1+ 41.Rxf1 Qxf1+ 42.Kh2 Qf7 43.Kg1 Qe7
44.Qe5 g5 45.b4  1/2-1/2

[Event "Oberliga Ost B9798"]
[Site "Germany"]
[Date "1997.??.??"]
[Round "?.5"]
[White "Baum, Bernd"]
[Black "Legde, Georg"]
[Result "0-1"]
[WhiteElo "2270"]
[BlackElo "2220"]

1.e4 c5 2.Nf3 d6 3.Bb5+ Nc6 4.O-O Bd7 5.Re1 Nf6 6.c3 a6 7.Bf1 Bg4 8.h3 Bxf3
9.Qxf3 g6 10.d3 Bg7 11.Nd2 O-O 12.Qe2 b5 13.Nf3 Nd7 14.Rd1 b4 15.d4 bxc3
16.bxc3 Qa5 17.Bg5 cxd4 18.cxd4 Nxd4 19.Nxd4 Qxg5 20.Rac1 Bxd4 21.Rc7 Nc5
22.Rxd4 Ne6 23.Rd5 Qf6 24.e5 dxe5 25.Rc6 Nd4  0-1

[Event "BL2-O9798"]
[Site "Germany"]
[Date "1997.??.??"]
[Round "1.5"]
[White "Pfretzschner, Roland"]
[Black "Arnold, Johannes"]
[Result "1/2-1/2"]
[WhiteElo "2300"]
[BlackElo "2325"]

1.e4 c5 2.Nf3 d6 3.Bb5+ Bd7 4.Bxd7+ Qxd7 5.O-O Nc6 6.c3 Nf6 7.d4 cxd4 8.cxd4 d5
9.e5 Ne4 10.Ne1 h6 11.Nc3 Nxc3 12.bxc3 e6 13.Nd3 Na5 14.Rb1 Rc8 15.Nf4 Kd8
16.Qf3 Kc7 17.Nh5 Kb8 18.h4 Qc7 19.Be3 g6 20.Nf6 h5 21.Rb5 Nc4 22.Rfb1 b6
23.Bc1 Ba3 24.Bf4 Be7 25.R5b3 Na5 26.Rb5 Nc4 27.Bc1 Bxf6 28.Qxf6 Rhd8 29.Qf3 Rd7
30.Qd1 Ka8 31.a4 Na5 32.Ba3 Nc4 33.Bc1 Na5 34.Ba3 Nc4  1/2-1/2

[Event "BL2-N9798"]
[Site "Germany"]
[Date "1997.??.??"]
[Round "2.6"]
[White "Schulz, Michael"]
[Black "Heuer, Thomas"]
[Result "0-1"]
[WhiteElo "2270"]
[BlackElo "2260"]

1.e4 c5 2.Nf3 d6 3.Bb5+ Bd7 4.Bxd7+ Qxd7 5.c4 Nc6 6.d4 cxd4 7.Nxd4 Nf6 8.Nc3 g6
9.f3 Nxd4 10.Qxd4 Bg7 11.Be3 O-O 12.Qd3 Rfc8 13.Rd1 Qc7 14.b3 Qa5 15.O-O a6
16.Rc1 Rab8 17.Ba7 Ra8 18.Bd4 Rc6 19.g4 Rac8 20.a4 e6 21.Rb1 Ne8 22.Rf2 Bxd4
23.Qxd4 Qc5 24.Qxc5 Rxc5 25.Rd2 Kf8 26.Kf2 Ke7 27.Rbd1 R8c7 28.f4 h5 29.g5 b6
30.h4 Rb7 31.Kf3 Rbc7 32.Rd3 Rc8 33.R1d2 R8c7 34.Nd1 b5 35.axb5 axb5 36.Ne3 bxc4
37.Nxc4 Rb5 38.Ra2 Rcb7 39.Ra3 Rb4 40.Ke3 R4b5 41.Na5 Rc7 42.Nc4 d5 43.exd5 exd5
44.Ne5 Nd6 45.Ra6 Nf5+ 46.Kd2 Nxh4 47.Re3 Kf8 48.Ra8+ Kg7 49.Nd3 f6 50.b4 fxg5
51.fxg5 d4 52.Rh3 Nf5 53.Nc5 Re7 54.Rb3 Ne3 55.Kd3 Nf5 56.Kc4 Rb6 57.Rd8 h4
58.b5 Nd6+ 59.Kxd4 Nxb5+ 60.Kc4 Nd6+ 61.Kd5 Rxb3 62.Nxb3 Nf7 63.Rb8 Re5+
64.Kd4 Rxg5 65.Nc5 Rg4+ 66.Ke3 g5 67.Rb7 h3 68.Rb1 Rg2 69.Rh1 g4 70.Kf4 Kg6
71.Nd3 Nh6 72.Ne1 Re2 73.Nd3 Kh5 74.Ne5 Rg2 75.Nc4 Kh4 76.Ne5 Rf2+ 77.Ke3 Rf6
78.Nd7 Rd6 79.Ne5 Re6 80.Kf4 Rxe5 81.Kxe5 g3 82.Kf4 h2 83.Kf3 Kh3 84.Ra1 g2
85.Ra5 g1=N+ 86.Kf2 Ng4+ 87.Kf1 Kg3  0-1

[Event "BL2-N9798"]
[Site "Germany"]
[Date "1997.??.??"]
[Round "3.3"]
[White "Fuchs, Reinhart"]
[Black "Lipinsky, Fabian"]
[Result "1/2-1/2"]
[WhiteElo "2420"]
[BlackElo "2410"]

1.e4 c5 2.Nf3 d6 3.Bb5+ Nd7 4.O-O Nf6 5.Re1 a6 6.Bf1 b6 7.d4 cxd4 8.Nxd4 Bb7
9.f3 e6 10.c4 Be7 11.Nc3 Rc8 12.b3 O-O 13.Bb2 Kh8 14.Kh1 g5 15.Qd2 Rg8 16.Rad1 Ne5
17.Nc2 Qc7 18.Ne3 Rg6 19.Qd4 Kg8 20.Na4 Nfd7 21.Ng4 Bc6 22.Nc3 h5 23.Ne3 Bb7
24.Na4 Bc6 25.Nc3 Bb7 26.Na4 Bc6  1/2-1/2

[Event "NRW-Liga I 9697"]
[Site "Germany"]
[Date "1997.??.??"]
[Round "8.1"]
[White "Lauterbach, Ingrid"]
[Black "Roeder, Mathias"]
[Result "1/2-1/2"]
[WhiteElo "2125"]
[BlackElo "2460"]

1.e4 c5 2.Nf3 d6 3.Bb5+ Bd7 4.Bxd7+ Qxd7 5.c4 Nc6 6.O-O Ne5 7.d3 Nxf3+ 8.Qxf3 g6
9.Nc3 Bg7 10.Bd2 e6 11.Qd1 Ne7 12.Qc1 h6 13.Ne2 Nc6 14.Bc3 Nd4 15.Nxd4 cxd4
16.Bd2 Rc8 17.a4 f5 18.f3 e5 19.b4 Bf6 20.b5 f4 21.Qd1 Bh4 22.Ra2 g5 23.Bb4 Rg8
24.Be1 Bxe1 25.Qxe1 Qd8 26.a5 Qf6 27.Qd1 Ke7 28.Qb3 Qe6 29.Rc1 h5 30.Qd1 g4
31.Rac2 Rc5 32.Qe1 gxf3 33.Qh4+ Kd7 34.Qxh5 Qg4 35.Qxg4+ Rxg4 36.Rf1 fxg2
37.Rxg2 Rxg2+ 38.Kxg2 a6 39.Rb1 Ke6 40.Kf3 Rc8 41.bxa6 bxa6 42.Rb6 Rh8 43.c5 Rxh2
44.Rxd6+ Ke7 45.Rxa6 Rd2 46.Kg4 f3 47.Kxf3 Rxd3+ 48.Kg4 Rc3 49.Rc6 d3 50.Kf5 d2
51.Re6+ Kf7 52.Rd6 Rxc5 53.a6 Ra5 54.Rd7+ Ke8 55.Rxd2 Rxa6 56.Kxe5 Ke7 57.Rb2 Ra5+
58.Kf4 Rc5 59.Rb6 Ra5 60.e5 Ra1  1/2-1/2

[Event "Karsten Kold op"]
[Site "Gistrup"]
[Date "1997.??.??"]
[Round "3"]
[White "Pedersen, Borge"]
[Black "Salmensuu, Olli"]
[Result "0-1"]
[WhiteElo "2145"]
[BlackElo "2380"]

1.e4 c5 2.Nf3 d6 3.Bb5+ Bd7 4.Bxd7+ Qxd7 5.O-O Nc6 6.c3 Nf6 7.Re1 e6 8.d4 cxd4
9.cxd4 d5 10.e5 Ne4 11.Nc3 Nxc3 12.bxc3 Na5 13.a4 Rc8 14.Re3 Be7 15.h4 Nc4
16.Rd3 O-O 17.Qe2 Rc6 18.Bg5 Rb6 19.Ra2 Rc8 20.Nh2 h6 21.Bxe7 Rb1+ 22.Nf1 Qxe7
23.Qg4 Kh8 24.Rg3 Rg8 25.f4 Re1 26.Rf2 f5 27.Qh5 Qe8 28.Qf3 Ne3 29.h5 Qxa4
30.Rg6 Re8 31.Kh2 Nxf1+ 32.Rxf1 Rxf1 33.Qxf1 Qc6 34.Qa1 a6 35.Qa3 Kg8 36.Rg3 Qc7
37.Qa4 Rc8 38.Re3 Qf7 39.Qd1 b5 40.Qe2 Rc4 41.g4 fxg4 42.Qxg4 b4 43.cxb4 Rxd4
44.Kg3 Rxb4 45.Ra3 Rb1 46.Kh2 Rb6 47.Kg3 Kh7 48.Rc3 Rb1 49.Kh2 Rf1 50.Rf3 Rxf3
51.Qxf3 Qf5 52.Kg3 d4 53.Qe2 d3 54.Qe3 a5 55.Qd4 Qxh5  0-1

[Event "Karsten Kold op"]
[Site "Gistrup"]
[Date "1997.??.??"]
[Round "9"]
[White "Pedersen, Borge"]
[Black "Sher, Miron N"]
[Result "0-1"]
[WhiteElo "2145"]
[BlackElo "2425"]

1.e4 c5 2.Nf3 d6 3.Bb5+ Nc6 4.O-O Bd7 5.Re1 Nf6 6.c3 a6 7.Bf1 Bg4 8.d3 e6
9.h3 Bxf3 10.Qxf3 Be7 11.g3 O-O 12.Qe2 Nd7 13.Bg2 Rc8 14.Be3 Bf6 15.Nd2 b5
16.a3 Nb6 17.f4 e5 18.f5 Bg5 19.Bf2 Bxd2 20.Qxd2 f6 21.b4 Ne7 22.Be3 Kh8
23.Rec1 Rc6 24.Qf2 Qc7 25.Kh2 Rc8 26.h4 Qd8 27.g4 Na4 28.g5 d5 29.bxc5 Nxc5
30.Bxc5 Rxc5 31.d4 exd4 32.gxf6 Qd6+ 33.Qg3 Qxg3+ 34.Kxg3 gxf6 35.exd5 dxc3
36.Be4 Nxd5  0-1

[Event "Karsten Kold op"]
[Site "Gistrup"]
[Date "1997.??.??"]
[Round "10"]
[White "Kveinys, Aloyzas"]
[Black "Kupreichik, Viktor D"]
[Result "1/2-1/2"]
[WhiteElo "2555"]
[BlackElo "2500"]

1.e4 c5 2.Nf3 d6 3.Bb5+ Nc6 4.O-O Bd7 5.Re1 Nf6 6.h3 g6 7.c3 Bg7 8.d4 O-O
9.d5 Ne5 10.Bxd7 Nxf3+ 11.Qxf3 Nxd7 12.Qe2 a6 13.a4 Qa5 14.Bg5 Rfe8 15.Nd2 h6
16.Bf4 g5 17.Bg3 b5 18.axb5 Qxb5 19.Nc4 a5 20.e5 dxe5 21.Bxe5 Bxe5 22.Nxe5 Qxe2
23.Rxe2 Nb6 24.Nc6 Nxd5 25.c4 Nb4 26.Nxb4 cxb4 27.b3 e6 28.Re5 Red8 29.Rexa5 Rxa5
30.Rxa5 Rd3 31.Ra8+ Kg7 32.Rb8 Rxb3 33.c5 h5 34.c6 Rc3 35.Rxb4 Rxc6 36.g3 Rd6
37.Kg2 e5 38.Rb5 Kf6 39.f4 Rd2+ 40.Kg1 gxf4 41.gxf4 exf4 42.Rxh5 Ke6 43.Rh8 Kf5
44.Re8 f3 45.Kf1 Kf4 46.Rf8 f5 47.Rf7 Rh2 48.Rh7 Rg2 49.Rh5 Ke4 50.Rh8 Ke3
51.Re8+ Kf4 52.Rf8 Rg3 53.Rh8 Rg5 54.h4 Rg4 55.h5 Rh4 56.h6 Rh2 57.Rh7 Rh5
58.Rh8 Rh4 59.Rh7 Rh3 60.Rh8 Ke3 61.Re8+ Kf4 62.Rh8 Rh2 63.Rh7 f2 64.Ra7 Rxh6
65.Kxf2 Rh2+ 66.Kf1  1/2-1/2

[Event "Goetzis IM4"]
[Site "Goetzis"]
[Date "1997.??.??"]
[Round "6"]
[White "Todorov, Todor"]
[Black "Amann, Guenter"]
[Result "1-0"]
[WhiteElo "2375"]
[BlackElo "2280"]

1.e4 c5 2.Nf3 d6 3.Bb5+ Nd7 4.c3 Nf6 5.Qe2 Qc7 6.O-O e5 7.a4 Be7 8.d4 O-O
9.dxe5 Nxe5 10.Nxe5 dxe5 11.Na3 b6 12.Nc2 Bb7 13.f3 Rfd8 14.Ne3 Bf8 15.b3 g6
16.Bc4 Bg7 17.Ra2 Bc6 18.Rd2 Rxd2 19.Bxd2 Qb7 20.Ba6 Qe7 21.Be1 Nh5 22.g3 Rd8
23.Bb5 Bb7 24.Bc4 Nf6 25.Bd2 Bh6 26.Nf5 gxf5 27.Bxh6  1-0

[Event "Goetzis IM4"]
[Site "Goetzis"]
[Date "1997.??.??"]
[Round "8"]
[White "Todorov, Todor"]
[Black "Zumtobel, Thomas"]
[Result "1/2-1/2"]
[WhiteElo "2375"]
[BlackElo "2150"]

1.e4 c5 2.Nf3 d6 3.Bb5+ Bd7 4.Bxd7+ Qxd7 5.O-O Nc6 6.c3 Nf6 7.d4 Nxe4 8.d5 Ne5
9.Re1 Nxf3+ 10.Qxf3 Nf6 11.c4 e5 12.dxe6 fxe6 13.Bg5 Be7 14.Nc3 O-O-O 15.Qe2 Ne8
16.Bxe7 Qxe7 17.Qxe6+ Qxe6 18.Rxe6 Nc7 19.Re2 Rhe8 20.Rd2 Kd7 21.Rad1 Kc6
22.f3 Re5 23.g4 a6 24.Kf2 Ne6 25.Ne2 Nc7 26.b3 d5 27.f4 Re7 28.f5 d4 29.Nf4 Rf8
30.Re1 Rxe1 31.Kxe1 Re8+ 32.Re2 Kd6 33.Rxe8 Nxe8 34.Ke2 Nc7 35.Kf3 b5 36.Ke4 a5
37.h4 a4 38.Nh5 axb3 39.axb3 bxc4 40.bxc4 Ne8 41.g5 d3 42.Kxd3 Ke5 43.Ng3 Nd6
44.g6 hxg6 45.fxg6 Kf4 46.h5 Kg5 47.Kc3 Kh6 48.Kd3 Kg5 49.Ne4+ Nxe4 50.Kxe4 Kxh5
51.Kd5 Kxg6 52.Kxc5 Kf7 53.Kd6 g5 54.c5 g4 55.c6 g3 56.c7 g2 57.c8=Q g1=Q
58.Qf5+ Kg7 59.Qe5+ Kg8 60.Qd5+ Kg7 61.Qb7+ Kh8 62.Qc8+ Qg8 63.Qh3+ Qh7 64.Qg3 Qh6+
65.Kd5 Qd2+ 66.Ke6 Qa2+ 67.Kf6 Qa6+ 68.Kg5 Qa5+ 69.Kg4 Qa4+ 70.Kf3 Qa3+ 71.Kg2 Qxg3+
72.Kxg3  1/2-1/2

[Event "SWE-ch op"]
[Site "Gotland"]
[Date "1997.??.??"]
[Round "2"]
[White "Brynell, Stellan"]
[Black "Johansson, Carl Fredrik"]
[Result "1-0"]
[WhiteElo "2445"]
[BlackElo "2240"]

1.e4 c5 2.Nf3 d6 3.Bb5+ Nc6 4.O-O Bd7 5.Re1 Nf6 6.c3 e5 7.d4 Qc7 8.d5 Nb8
9.Bxd7+ Nbxd7 10.c4 g6 11.Nc3 a6 12.h3 Bg7 13.Be3 O-O 14.Nd2 Rfb8 15.Qe2 Ne8
16.a3 b5 17.cxb5 axb5 18.Nxb5 Qa5 19.a4 Qa6 20.Nc4 f5 21.f3 Bf6 22.exf5 gxf5
23.Qd3 f4 24.Bf2 Nb6 25.b3 Nxc4 26.bxc4 Qc8 27.Ra2 Qd7 28.Rb1 Ng7 29.Nc3 Nf5
30.Rxb8+ Rxb8 31.a5 Nd4 32.a6 Bd8 33.Ne4 Ra8 34.Qb1 Ra7 35.Qb8 Nf5 36.Nf6+  1-0

[Event "Graz op"]
[Site "Graz"]
[Date "1997.??.??"]
[Round "9"]
[White "Bawart, Markus"]
[Black "Krieger, Hermann"]
[Result "1-0"]
[WhiteElo "2325"]
[BlackElo "2180"]

1.e4 c5 2.Nf3 d6 3.Bb5+ Bd7 4.Bxd7+ Qxd7 5.O-O Nf6 6.Re1 Nc6 7.c3 e5 8.d4 Be7
9.d5 Nd8 10.Nbd2 g6 11.a4 Nh5 12.Nc4 f6 13.b4 cxb4 14.cxb4 Rc8 15.Qb3 Nf7
16.Be3 Ra8 17.a5 Bd8 18.Qa4 Qxa4 19.Rxa4 Kd7 20.Nfd2 f5 21.f3 f4 22.Bf2 g5
23.Ra3 Rg8 24.Rc3 Nf6 25.a6 b6 26.Na3 g4 27.Kf1 gxf3 28.gxf3 Ng5 29.Nb5 Nh3
30.Rec1 Ne8 31.Rc6 Rg6 32.Nc4 Nxf2 33.Kxf2 Bh4+ 34.Kf1 Bd8 35.Rc2 Rb8 36.Rg2 Rxg2
37.Kxg2 Be7 38.Nxa7 Bd8 39.Nb5 Ra8 40.Rxb6  1-0

[Event "Groningen op"]
[Site "Groningen"]
[Date "1997.??.??"]
[Round "4"]
[White "Coenen, Norbert"]
[Black "Peptan, Corina"]
[Result "0-1"]
[WhiteElo "2335"]
[BlackElo "2460"]

1.e4 c5 2.Nf3 d6 3.Bb5+ Nd7 4.O-O Nf6 5.Re1 g6 6.c3 Bg7 7.d4 cxd4 8.cxd4 O-O
9.Nc3 Nb6 10.h3 Be6 11.b3 Rc8 12.Bb2 Bh6 13.d5 Bd7 14.Bd3 Be8 15.Qe2 Nh5
16.g3 Nd7 17.Rad1 a6 18.Bb1 Qa5 19.Qc2 b5 20.a3 b4 21.axb4 Qxb4 22.Rd4 Qb6
23.Kg2 Ne5 24.Qd1 Nxf3 25.Kxf3 Bg7 26.Rd3 f5 27.Kg2 fxe4 28.Rde3 Bxc3 29.Bxc3 Rxc3
30.Rxc3 Qxf2+ 31.Kh1 Rf3 32.Rxf3 exf3  0-1